Statistiques concernant Quelle-est la race de ce chat ?

Cliquez ici pour prendre le quiz!

Statistiques générales

  • Ce quiz a été pris 95 fois
  • Le résultat moyen est 6 sur 12

Statistiques - réponses

Réponse% Correct
Siamois
92%
Persan
67%
Sphynx
64%
Chartreux
59%
Bengal
54%
Maine coon
54%
Sacré de birmanie
48%
Norvégien
35%
Savannah
34%
Scottish Fold
20%
Bleu russe
19%
Angora Turc
14%

Distribution des résultats

Percentile par nombre de réponses

% des personnes avec chaque résultat

Votre développement - résultats

Vous n’avez pas pris ce quiz